[Event "zonal 1.8"]
[Site "Mykolaiv  UKR"]
[Date "1995.03.??"]
[Round "1"]
[White "Novikov, Igor"]
[Black "Guliev, Sarkhan"]
[Result "1/2-1/2"]
[WhiteElo "2590"]
[BlackElo "2470"]
[EventDate "1995.03.17"]
[PlyCount "57"]

1.d4 d5 2.c4 c6 3.Nf3 Nf6 4.Nc3 e6 5.Bg5 h6 6.Bxf6 Qxf6 7.Qb3 a5 8.a3 a4 
9.Nxa4 dxc4 10.Qc2 Qd8 11.Rd1 b5 12.Nc3 Nd7 13.g3 Be7 14.Bg2 Bb7 15.O-O 
O-O 16.e4 Qb6 17.d5 cxd5 18.exd5 exd5 19.Nd4 Bf6 20.Nxd5 Bxd5 21.Bxd5 Rac8
22.Nf5 Ne5 23.Be4 Rcd8 24.Ne3 Nd3 25.Bxd3 cxd3 26.Rxd3 Rxd3 27.Qxd3 Bxb2 
28.Rb1 Rd8 29.Qb3 1/2-1/2

[Event "zonal 1.8"]
[Site "Mykolaiv  UKR"]
[Date "1995.03.??"]
[Round "1"]
[White "Golubev, Mikhail"]
[Black "Rogozenko, Dorian"]
[Result "1/2-1/2"]
[WhiteElo "2570"]
[BlackElo "2440"]
[EventDate "1995.03.17"]
[PlyCount "36"]

1.e4 c5 2.Nf3 e6 3.d4 cxd4 4.Nxd4 Nf6 5.Nc3 Nc6 6.Ndb5 d6 7.Bf4 e5 8.Bg5 
a6 9.Na3 b5 10.Nd5 Be7 11.Bxf6 Bxf6 12.c3 Rb8 13.Nc2 Bg5 14.a4 bxa4 15.
Ncb4 Bd7 16.Bxa6 Nxb4 17.cxb4 O-O 18.O-O Bc6 1/2-1/2

[Event "zonal 1.8"]
[Site "Mykolaiv  UKR"]
[Date "1995.03.??"]
[Round "1"]
[White "Krivoshei, Sergei"]
[Black "Kuzmin, Gennady"]
[Result "0-1"]
[WhiteElo "2420"]
[BlackElo "2545"]
[EventDate "1995.03.17"]
[PlyCount "68"]

1.Nf3 c5 2.c4 g6 3.Nc3 Bg7 4.g3 Nc6 5.Bg2 d6 6.O-O e5 7.Ne1 Nge7 8.Nc2 h5 
9.h4 g5 10.hxg5 h4 11.e4 Nd4 12.d3 h3 13.Bf3 Nxf3+ 14.Qxf3 h2+ 15.Kh1 Bh3 
16.Re1 Nc6 17.Nd5 Qd7 18.Nde3 O-O-O 19.g4 f6 20.gxf6 Bxf6 21.Qxf6 Rdf8 22.
Qxh8 Rxh8 23.f3 Qh7 24.Re2 Nd4 25.Nxd4 cxd4 26.Nf5 Bf1 27.Rf2 Qh3 28.Bh6 
Bxd3 29.g5 Kd7 30.b3 b5 31.cxb5 d5 32.Re1 dxe4 33.fxe4 Qg4 34.Kxh2 Qxg5 
0-1

[Event "zonal 1.8"]
[Site "Mykolaiv  UKR"]
[Date "1995.03.??"]
[Round "1"]
[White "Brodsky, Mikhail"]
[Black "Vartapetian, Armen"]
[Result "1-0"]
[WhiteElo "2535"]
[BlackElo "2375"]
[EventDate "1995.03.17"]
[PlyCount "105"]

1.e4 e6 2.d4 d5 3.Nd2 Nf6 4.Bd3 c5 5.e5 Nfd7 6.c3 Nc6 7.Ne2 cxd4 8.cxd4 f6
9.exf6 Nxf6 10.Nf3 Bd6 11.O-O Qc7 12.Bg5 O-O 13.Bh4 Bd7 14.Bg3 Rae8 15.Rc1
Kh8 16.Bb5 Bxg3 17.Nxg3 Qf4 18.Bxc6 Bxc6 19.Qd2 Qxd2 20.Nxd2 Ne4 21.Ngxe4 
dxe4 22.Nc4 Rd8 23.Rfd1 Bd5 24.b3 Rc8 25.Nd6 Rcd8 26.Nc4 Rc8 27.Kf1 Kg8 
28.Ke2 Rf7 29.Rc2 Rfc7 30.Rdc1 Kf8 31.Ne3 Rxc2+ 32.Rxc2 Bc6 33.Nd1 Ke7 34.
Ke3 Rd8 35.Nc3 Kd6 36.Nxe4+ Bxe4 37.Kxe4 Rf8 38.f3 Re8 39.Rc5 Rf8 40.h4 b6
41.Rg5 Rf7 42.h5 Rc7 43.g4 Re7 44.a4 Rc7 45.f4 a6 46.b4 Re7 47.a5 b5 48.
Rc5 Re8 49.g5 Kd7 50.Ke5 Rf8 51.d5 exd5 52.Rxd5+ Ke7 53.f5 1-0

[Event "zonal 1.8"]
[Site "Mykolaiv  UKR"]
[Date "1995.03.??"]
[Round "1"]
[White "Milov, Leonid"]
[Black "Rakhmangulov, Andrei"]
[Result "1/2-1/2"]
[WhiteElo "2525"]
[BlackElo "2360"]
[EventDate "1995.03.17"]
[PlyCount "138"]

1.g3 Nf6 2.Bg2 d5 3.c4 c6 4.Nf3 g6 5.b3 Bg7 6.Bb2 O-O 7.O-O Bg4 8.d3 Qc8 
9.Re1 Re8 10.Nbd2 h6 11.d4 Bxf3 12.exf3 g5 13.Nf1 Nbd7 14.Ne3 e6 15.f4 Nh7
16.f5 Qd8 17.Bh3 Ndf6 18.fxe6 fxe6 19.Nc2 Nf8 20.Ba3 N6h7 21.Qd2 Qf6 22.
Rad1 Rad8 23.Bg4 Ng6 24.Bh5 e5 25.cxd5 cxd5 26.dxe5 Rxe5 27.Ne3 d4 28.Qd3 
Nhf8 29.Ng4 Rxe1+ 30.Rxe1 Qa6 31.Qxa6 bxa6 32.Kf1 d3 33.Rb1 Kh7 34.Ne3 Ne5
35.Nf5 Bf6 36.Bb2 Nfg6 37.Ne3 Bg7 38.Kg2 a5 39.Bd1 Bf6 40.Ng4 Nxg4 41.Bxg4
Bxb2 42.Rxb2 Ne5 43.Bd1 Rb8 44.Rb1 Kg6 45.Rc1 Kf5 46.f3 a4 47.Rc5 Rb6 48.
Kf2 Kf6 49.Rd5 Rc6 50.f4 gxf4 51.gxf4 Ng6 52.Ke3 Re6+ 53.Kf3 Re1 54.Rxd3 
Rf1+ 55.Ke4 Rxf4+ 56.Ke3 axb3 57.Bxb3 Rh4 58.Rd6+ Kg5 59.Rd5+ Kf6 60.Rd6+ 
Kg5 61.Rd2 Ne5 62.Rd5 Kf6 63.Rd6+ Kg5 64.Ra6 Rxh2 65.Rxa7 h5 66.Bd5 Ng4+ 
67.Kd3 Nf6 68.Bc6 h4 69.a4 h3 1/2-1/2

[Event "zonal 1.8"]
[Site "Mykolaiv  UKR"]
[Date "1995.03.??"]
[Round "1"]
[White "Guliev, Logman"]
[Black "Alexandrov, Alexei"]
[Result "0-1"]
[WhiteElo "2345"]
[BlackElo "2510"]
[EventDate "1995.03.17"]
[PlyCount "79"]

1.e4 e5 2.Nf3 Nc6 3.Bb5 Nf6 4.O-O Nxe4 5.d4 Nd6 6.Bg5 Be7 7.Bxe7 Qxe7 8.
Bxc6 dxc6 9.dxe5 Nf5 10.Nc3 Be6 11.Qd2 Rd8 12.Qf4 O-O 13.Ne4 Kh8 14.c3 h6 
15.h4 b6 16.Rad1 Rxd1 17.Rxd1 Rd8 18.Re1 Qd7 19.a3 c5 20.Kh2 Qb5 21.Qc1 
Qa4 22.Re2 Rd1 23.Qf4 Qc4 24.Rd2 Rxd2 25.Nfxd2 Qa2 26.b4 Qxa3 27.bxc5 bxc5
28.h5 Ne7 29.Qh4 Nc6 30.f4 c4 31.g4 Bd5 32.g5 Qb2 33.Kh3 Be6+ 34.Kh2 Bd5 
35.Kh3 Be6+ 36.Kg3 Ne7 37.Kf3 Bd5 38.gxh6 Qxd2 39.Qxe7 Bxe4+ 40.Kxe4 0-1

[Event "zonal 1.8"]
[Site "Mykolaiv  UKR"]
[Date "1995.03.??"]
[Round "1"]
[White "Fedorov, Alexei"]
[Black "Muchnik, Larisa"]
[Result "1-0"]
[WhiteElo "2495"]
[BlackElo "2250"]
[EventDate "1995.03.17"]
[PlyCount "73"]

1.e4 e6 2.d4 d5 3.Nc3 Bb4 4.e5 c5 5.a3 Bxc3+ 6.bxc3 Qc7 7.Nf3 Ne7 8.h4 
Nbc6 9.h5 h6 10.Be2 Bd7 11.O-O Na5 12.a4 Rc8 13.Re1 cxd4 14.Qxd4 Nf5 15.
Qg4 Nc4 16.Bd3 Kf8 17.Rb1 b6 18.Qf4 Ne7 19.Nd4 Kg8 20.Nb5 Bxb5 21.axb5 Qd7
22.Ra1 Rc7 23.Ba3 Nxa3 24.Rxa3 Nc8 25.Re3 Qe7 26.Ra4 Kf8 27.c4 dxc4 28.
Rxc4 Rc5 29.Rd4 f5 30.Bxf5 Qg5 31.Qxg5 hxg5 32.Rd8+ Ke7 33.Rxh8 exf5 34.
Rh7 Kf8 35.h6 gxh6 36.Rd3 Kg8 37.Rb7 1-0

[Event "zonal 1.8"]
[Site "Mykolaiv  UKR"]
[Date "1995.03.??"]
[Round "2"]
[White "Romanishin, Oleg"]
[Black "Kochetkov, German"]
[Result "1-0"]
[WhiteElo "2595"]
[BlackElo "2465"]
[EventDate "1995.03.17"]
[PlyCount "41"]

1.d4 Nf6 2.Nf3 c5 3.g3 cxd4 4.Nxd4 e5 5.Nb3 a5 6.a4 d5 7.Bg2 h6 8.O-O Nc6 
9.Nc3 Nb4 10.Nb5 Bf5 11.c3 Bc2 12.Qd2 Bxb3 13.cxb4 d4 14.Qd3 Be6 15.Bxb7 
Rb8 16.Bc6+ Bd7 17.Bxd7+ Nxd7 18.bxa5 Qxa5 19.Bd2 Bb4 20.Bxb4 Qxb4 21.Nc7+
1-0

[Event "zonal 1.8"]
[Site "Mykolaiv  UKR"]
[Date "1995.03.??"]
[Round "2"]
[White "Lerner, Konstantin"]
[Black "Borovikov, Vladislav"]
[Result "1-0"]
[WhiteElo "2560"]
[BlackElo "2485"]
[EventDate "1995.03.17"]
[PlyCount "53"]

1.d4 d5 2.c4 e6 3.Nf3 c6 4.e3 Nf6 5.Bd3 Nbd7 6.O-O dxc4 7.Bxc4 b5 8.Bd3 a6
9.a4 bxa4 10.e4 c5 11.e5 Nd5 12.Ng5 Be7 13.Qh5 g6 14.Qh6 Bf8 15.Qh3 Bg7 
16.Nc3 Nb4 17.Nce4 Nxe5 18.dxe5 Qxd3 19.Nd6+ Kd7 20.Be3 Nd5 21.Rfd1 Qb3 
22.Ndxf7 Re8 23.Qxh7 Bf8 24.Ne4 Kc6 25.Bxc5 Bxc5 26.Rdc1 Kb6 27.Nxc5 1-0

[Event "zonal 1.8"]
[Site "Mykolaiv  UKR"]
[Date "1995.03.??"]
[Round "2"]
[White "Iordachescu, Viorel"]
[Black "Frolov, Artur"]
[Result "1/2-1/2"]
[WhiteElo "2425"]
[BlackElo "2545"]
[EventDate "1995.03.17"]
[PlyCount "95"]

1.e4 e5 2.Nf3 Nc6 3.Bc4 Bc5 4.c3 Nf6 5.d3 d6 6.Bb3 Bb6 7.Nbd2 Ne7 8.Nc4 
Ng6 9.h3 O-O 10.O-O c6 11.Nxb6 axb6 12.Re1 Be6 13.Bc2 b5 14.a3 Nd7 15.d4 
f6 16.Be3 Qe7 17.Kh2 Qf7 18.dxe5 dxe5 19.Qd6 Rfd8 20.Rad1 Qe7 21.Qxe7 Nxe7
22.Rd6 Nf8 23.Red1 Rxd6 24.Rxd6 Kf7 25.Nh4 Ke8 26.g3 Rd8 27.Rxd8+ Kxd8 28.
f4 Nd7 29.Nf3 Nc8 30.f5 Bf7 31.g4 Nd6 32.Nd2 Nc4 33.Nxc4 bxc4 34.Kg3 h6 
35.a4 Ke7 36.h4 Kd6 37.g5 hxg5 38.hxg5 fxg5 39.Kg4 b6 40.Kxg5 c5 41.Kh4 
Nf6 42.Bg5 Be8 43.Kg3 Bh5 44.Kf2 Bd1 45.Bxf6 Bxc2 46.Bxg7 Bxa4 47.f6 Ke6 
48.f7 1/2-1/2

[Event "zonal 1.8"]
[Site "Mykolaiv  UKR"]
[Date "1995.03.??"]
[Round "2"]
[White "Itkis, Boris"]
[Black "Kruppa, Yury"]
[Result "1/2-1/2"]
[WhiteElo "2410"]
[BlackElo "2555"]
[EventDate "1995.03.17"]
[PlyCount "50"]

1.d4 Nf6 2.Nf3 d5 3.c4 e6 4.Nc3 Be7 5.Qc2 dxc4 6.e4 Nc6 7.e5 Nb4 8.Qb1 Nd7
9.Bxc4 c5 10.dxc5 Qc7 11.a3 Qxc5 12.Bb3 Nc6 13.Bf4 Ndxe5 14.Nxe5 Nxe5 15.
Qe4 Nd7 16.O-O O-O 17.Rac1 Nf6 18.Qf3 Qh5 19.Bd1 Qxf3 20.Bxf3 a5 21.Na4 
Ra6 22.Rxc8 Rxc8 23.Bxb7 Rc4 24.Bxa6 Rxf4 25.Nc3 Rd4 1/2-1/2

[Event "zonal 1.8"]
[Site "Mykolaiv  UKR"]
[Date "1995.03.??"]
[Round "2"]
[White "Kuzmin, Gennady"]
[Black "Zulfugarli, Mahomed"]
[Result "1-0"]
[WhiteElo "2545"]
[BlackElo "2400"]
[EventDate "1995.03.17"]
[PlyCount "68"]

1.e4 e5 2.Nf3 Nc6 3.Bb5 a6 4.Ba4 Nf6 5.d3 d6 6.c3 b5 7.Bc2 Be7 8.Nbd2 O-O 
9.Nf1 d5 10.Bg5 Be6 11.N1d2 dxe4 12.dxe4 Nd7 13.Be3 Bc5 14.Qe2 Qe7 15.O-O 
Rfb8 16.Rfd1 h6 17.Nf1 Nb6 18.b4 Bd6 19.Bxb6 Rxb6 20.Ne3 Nb8 21.Bb3 Nd7 
22.Bd5 Re8 23.a4 Nf6 24.axb5 axb5 25.Ra7 Bd7 26.Nh4 Qd8 27.Nhf5 Be6 28.h3 
Qc8 29.Qf3 Bf8 30.Ra8 Qxa8 31.Bxa8 Rxa8 32.Qg3 Nxe4 33.Qf3 Nxc3 34.Qxa8 
Nxd1 1-0

[Event "zonal 1.8"]
[Site "Mykolaiv  UKR"]
[Date "1995.03.??"]
[Round "2"]
[White "Alexandrov, Alexei"]
[Black "Ovseevich, Sergei"]
[Result "1/2-1/2"]
[WhiteElo "2510"]
[BlackElo "2370"]
[EventDate "1995.03.17"]
[PlyCount "91"]

1.d4 Nf6 2.c4 g6 3.Nc3 Bg7 4.e4 d6 5.Bd3 O-O 6.Nge2 Nc6 7.O-O e5 8.d5 Ne7 
9.Bc2 a5 10.Bg5 Nh5 11.Ng3 Nf6 12.Qd2 Kh8 13.h4 Neg8 14.f3 h6 15.Be3 b6 
16.Ba4 Nh7 17.h5 Bf6 18.Nce2 Kg7 19.a3 Bh4 20.Bc6 Rb8 21.b4 axb4 22.axb4 
Nhf6 23.Ra7 gxh5 24.Nf5+ Bxf5 25.exf5 Nh7 26.f4 exf4 27.Nxf4 Nhf6 28.Bd4 
Bg5 29.Nxh5+ Kh7 30.Qe2 Nxh5 31.Qxh5 Nf6 32.Qe2 Rg8 33.Rf3 Ng4 34.Rg3 h5 
35.Rh3 h4 36.Kh1 Bf6 37.Bxf6 Qxf6 38.Qe1 Ne5 39.Rxh4+ Kg7 40.Rxc7 Qxf5 41.
Rh3 Rh8 42.Bd7 Rxh3+ 43.gxh3 Nxd7 44.Qg3+ Kh7 45.Qh4+ Kg7 46.Qg3+ 1/2-1/2

[Event "zonal 1.8"]
[Site "Mykolaiv  UKR"]
[Date "1995.03.??"]
[Round "2"]
[White "Rakhmangulov, Andrei"]
[Black "Neverov, Valeriy"]
[Result "1/2-1/2"]
[WhiteElo "2360"]
[BlackElo "2490"]
[EventDate "1995.03.17"]
[PlyCount "127"]

1.d4 d5 2.Bg5 c6 3.e3 Qb6 4.Qc1 Bf5 5.Nf3 e6 6.Be2 h6 7.Bh4 Be7 8.Bxe7 
Nxe7 9.O-O Nd7 10.c4 O-O 11.Nc3 Bg4 12.cxd5 cxd5 13.Bb5 Nf6 14.Ne5 Rac8 
15.Bd3 Bf5 16.Qd2 Bxd3 17.Nxd3 Nf5 18.Rfc1 Nd6 19.b3 Nfe4 20.Nxe4 Nxe4 21.
Qb4 Qa6 22.Nc5 Nxc5 23.dxc5 Rc6 24.Qd2 Rfc8 25.b4 Qa4 26.g3 b6 27.cxb6 
axb6 28.Rxc6 Rxc6 29.a3 Rc4 30.h4 h5 31.Qd1 Qxd1+ 32.Rxd1 Kf8 33.Rb1 b5 
34.a4 bxa4 35.b5 Rc8 36.Ra1 Ra8 37.b6 Ke7 38.b7 Rb8 39.Rxa4 Rxb7 40.Kg2 
Kd6 41.Ra6+ Ke5 42.Kf3 f6 43.Ra8 Kf5 44.Rh8 g6 45.Rd8 Rb2 46.Rd7 Rd2 47.
Rd8 e5 48.Re8 Ra2 49.Rd8 Ra5 50.Rd7 Rb5 51.Rd6 g5 52.hxg5 fxg5 53.Rh6 g4+ 
54.Kg2 Kg5 55.Rd6 Ra5 56.Rd8 Kg6 57.Rg8+ Kf6 58.Rh8 Kg6 59.Rg8+ Kf6 60.Rh8
d4 61.exd4 exd4 62.Rh6+ Ke7 63.Rh7+ Kf6 64.Rh6+ 1/2-1/2

[Event "zonal 1.8"]
[Site "Mykolaiv  UKR"]
[Date "1995.03.??"]
[Round "3"]
[White "Malaniuk, Volodymyr"]
[Black "Kuzmin, Gennady"]
[Result "1-0"]
[WhiteElo "2615"]
[BlackElo "2545"]
[EventDate "1995.03.17"]
[PlyCount "91"]

1.d4 e6 2.e4 d5 3.e5 c5 4.c3 Nc6 5.Nf3 Qb6 6.a3 c4 7.Nbd2 Na5 8.g3 Ne7 9.
Nh4 h6 10.Ng2 Bd7 11.Ne3 O-O-O 12.Qf3 Nf5 13.Be2 Be7 14.Nxf5 exf5 15.Qxd5 
Be6 16.Qg2 g5 17.Qf1 Qc7 18.f4 gxf4 19.Qxf4 h5 20.Rb1 h4 21.Nf1 Rdg8 22.
Rg1 Qd7 23.Qf2 hxg3 24.hxg3 Rg7 25.Bf4 Rgh7 26.Bf3 Qb5 27.Rd1 Nb3 28.Qc2 
Qb6 29.Ne3 Rh2 30.Bg2 R8h5 31.Nf1 Qc6 32.Nxh2 Rxh2 33.Bxc6 Rxc2 34.Rg2 
Rxc3 35.Bxb7+ Kxb7 36.bxc3 Kc6 37.a4 Kd5 38.Ra2 Bd8 39.Ke2 Ba5 40.Rc2 Bd7 
41.Ke3 Bxa4 42.Bg5 Bd7 43.Rh1 Bb6 44.Rh6 Be6 45.Rh8 a5 46.Bd8 1-0

[Event "zonal 1.8"]
[Site "Mykolaiv  UKR"]
[Date "1995.03.??"]
[Round "3"]
[White "Alexandrov, Alexei"]
[Black "Romanishin, Oleg"]
[Result "1/2-1/2"]
[WhiteElo "2510"]
[BlackElo "2595"]
[EventDate "1995.03.17"]
[PlyCount "165"]

1.d4 Nf6 2.c4 e6 3.Nc3 Bb4 4.e3 b6 5.Ne2 c5 6.a3 Ba5 7.Rb1 Na6 8.f3 O-O 9.
d5 d6 10.e4 exd5 11.cxd5 Nh5 12.g4 Qh4+ 13.Kd2 Nf6 14.Qe1 Qxe1+ 15.Kxe1 
Nd7 16.Kf2 Ne5 17.Nb5 Rd8 18.Ng3 c4 19.Bf4 Nc5 20.Bxe5 dxe5 21.Bxc4 Bd2 
22.Rbd1 Bf4 23.Nc7 Rb8 24.b4 Nb7 25.Na6 Ra8 26.Nc7 Rb8 27.Ne2 Bg5 28.h4 
Be7 29.Na6 Ra8 30.Nc7 Rb8 31.Na6 Ra8 32.Bd3 Nd6 33.Rc1 Bd7 34.Kg3 g6 35.
Nc7 Rac8 36.f4 exf4+ 37.Kxf4 f6 38.Nd4 Nf7 39.Nce6 Bd6+ 40.Ke3 Re8 41.Be2 
Ne5 42.g5 fxg5 43.hxg5 a5 44.Bb5 Rxc1 45.Rxc1 Rc8 46.Rxc8+ Bxc8 47.bxa5 
bxa5 48.a4 Be7 49.Kf4 Bd6 50.Ke3 Be7 51.Be8 Nc4+ 52.Kf3 Ne5+ 53.Kf4 Nd3+ 
54.Ke3 Ne5 55.Ke2 Bb4 56.Ke3 Be7 57.Kd2 Nc4+ 58.Kd3 Ne5+ 59.Kc3 Bb4+ 60.
Kb3 Be7 61.Kc2 Bb4 62.Bb5 Be7 63.Bf1 Bd7 64.Kb3 Bc8 65.Bc4 Bd6 66.Nb5 Bb4 
67.Ned4 Bg4 68.Be2 Bxe2 69.Nxe2 Be7 70.Nbd4 Bxg5 71.Nc6 Nxc6 72.dxc6 Bd8 
73.Nf4 Kf7 74.Kc4 h5 75.Kd3 h4 76.Ke2 Kf6 77.Kf3 Ke5 78.Nxg6+ Kd6 79.Kg4 
Kxc6 80.Nxh4 Kc5 81.Nf5 Kb4 82.Nd4 Kxa4 83.Nc6 1/2-1/2

[Event "zonal 1.8"]
[Site "Mykolaiv  UKR"]
[Date "1995.03.??"]
[Round "3"]
[White "Kochetkov, German"]
[Black "Komliakov, Viktor"]
[Result "1-0"]
[WhiteElo "2465"]
[BlackElo "2535"]
[EventDate "1995.03.17"]
[PlyCount "89"]

1.e4 g6 2.d4 Bg7 3.Nf3 d6 4.Nbd2 e5 5.dxe5 dxe5 6.Bb5+ Bd7 7.Bxd7+ Qxd7 8.
O-O Ne7 9.b3 O-O 10.Nc4 Nec6 11.Bb2 Re8 12.Ne3 Nd4 13.c3 Ne6 14.Qc2 Qc8 
15.Rfd1 Nd7 16.a4 Nf4 17.c4 a5 18.Nd5 Ne6 19.Ba3 Nec5 20.Rd2 b6 21.Rad1 
Qb7 22.h3 c6 23.Ne3 Qc7 24.h4 Bh6 25.Ng5 f6 26.Ng4 Bg7 27.Nf3 h5 28.Ne3 
Bh6 29.Rd6 Bf8 30.R6d2 Bh6 31.Nh2 Rad8 32.g4 Ne6 33.Bd6 Qc8 34.gxh5 gxh5 
35.Nf5 Kh7 36.Be7 Nd4 37.Rxd4 exd4 38.Bxd8 Rxd8 39.e5 Nxe5 40.Ne7+ d3 41.
Rxd3 Rxd3 42.Nxc8 Bf4 43.Ne7 Kg7 44.Nf5+ Kf7 45.Qe2 1-0

[Event "zonal 1.8"]
[Site "Mykolaiv  UKR"]
[Date "1995.03.??"]
[Round "3"]
[White "Milov, Leonid"]
[Black "Guliev, Sarkhan"]
[Result "0-1"]
[WhiteElo "2525"]
[BlackElo "2470"]
[EventDate "1995.03.17"]
[PlyCount "91"]

1.e4 c6 2.d4 d5 3.Nc3 dxe4 4.Nxe4 Bf5 5.Ng3 Bg6 6.Bc4 e6 7.N1e2 Qh4 8.Bf4 
Nd7 9.Qd2 h6 10.O-O-O Ngf6 11.Bd3 Bxd3 12.Qxd3 Nd5 13.Bd2 O-O-O 14.c4 N5b6
15.b3 Qe7 16.Kb1 Qa3 17.Bc1 Qa5 18.Ne4 Be7 19.Qc2 Nf6 20.f3 Nbd7 21.Rhf1 
Kb8 22.Bd2 Qa6 23.Bf4+ Ka8 24.N2c3 Qa5 25.Bg3 Bb4 26.Na4 Be7 27.Nb2 Nh5 
28.Bf2 Qc7 29.Nd3 g6 30.g4 Nhf6 31.Bg3 Qa5 32.Nd6 Rhf8 33.b4 Qa3 34.Ka1 
Nb6 35.Rb1 Bxd6 36.Rb3 Qa6 37.Bxd6 Rxd6 38.Rc3 Nxc4 39.Rxc4 Nd5 40.Re1 Nb6
41.Rc3 Rxd4 42.Rb1 Qa4 43.Qc1 Rfd8 44.Qxh6 Qb5 45.Nc5 Rxb4 46.Nb3 0-1

[Event "zonal 1.8"]
[Site "Mykolaiv  UKR"]
[Date "1995.03.??"]
[Round "3"]
[White "Golubev, Mikhail"]
[Black "Itkis, Boris"]
[Result "0-1"]
[WhiteElo "2570"]
[BlackElo "2410"]
[EventDate "1995.03.17"]
[PlyCount "60"]

1.e4 e6 2.d4 d5 3.Nc3 Nf6 4.Bg5 dxe4 5.Nxe4 Be7 6.Bxf6 gxf6 7.Nf3 b6 8.
Bb5+ c6 9.Bc4 Nd7 10.Qd2 Qc7 11.O-O-O Bb7 12.Rhe1 O-O-O 13.Ng3 h5 14.Re4 
Ne5 15.Nxe5 fxe5 16.Rxe5 c5 17.Qe2 h4 18.Ne4 Rxd4 19.f4 Rxd1+ 20.Qxd1 Rd8 
21.Qe2 Kb8 22.g3 hxg3 23.hxg3 Rh8 24.c3 Rg8 25.Qf2 Qd7 26.f5 Qc7 27.Qf4 
Bxe4 28.Qxe4 Bf6 29.fxe6 Qxe5 30.exf7 Bg5+ 0-1

[Event "zonal 1.8"]
[Site "Mykolaiv  UKR"]
[Date "1995.03.??"]
[Round "3"]
[White "Neverov, Valeriy"]
[Black "Rogozenko, Dorian"]
[Result "1/2-1/2"]
[WhiteElo "2490"]
[BlackElo "2440"]
[EventDate "1995.03.17"]
[PlyCount "23"]

1.c4 c5 2.Nf3 Nf6 3.Nc3 Nc6 4.g3 d5 5.cxd5 Nxd5 6.Bg2 Nc7 7.a3 e5 8.O-O f6
9.d3 Be7 10.Bd2 O-O 11.Rc1 Be6 12.Ne4 1/2-1/2

[Event "zonal 1.8"]
[Site "Mykolaiv  UKR"]
[Date "1995.03.??"]
[Round "4"]
[White "Kuzmin, Gennady"]
[Black "Alexandrov, Alexei"]
[Result "0-1"]
[WhiteElo "2545"]
[BlackElo "2510"]
[EventDate "1995.03.17"]
[PlyCount "116"]

1.e4 e5 2.Nf3 Nc6 3.Bb5 Nf6 4.O-O Nxe4 5.d4 Nd6 6.Bxc6 dxc6 7.dxe5 Nf5 8.
Qxd8+ Kxd8 9.h3 Ke8 10.b3 a5 11.a4 Bb4 12.Bb2 Be6 13.Rd1 Bd5 14.Nbd2 Rd8 
15.c3 Bc5 16.c4 Bxf3 17.Nxf3 Ng3 18.Rxd8+ Kxd8 19.Re1 Ke7 20.Bc3 b6 21.Bd2
h6 22.e6 fxe6 23.Ne5 Re8 24.Bc3 Nf5 25.g4 Nh4 26.Nxc6+ Kd7 27.Ne5+ Kc8 28.
Kf1 Rd8 29.Rc1 g5 30.Ke2 Ng2 31.Nd3 Bd4 32.c5 Kb7 33.c6+ Ka6 34.Kf3 Nh4+ 
35.Ke4 Bxc3 36.Rxc3 Ng6 37.f4 Rf8 38.Rc2 gxf4 39.h4 f3 40.h5 Ne7 41.Nf4 
Nd5 42.Nxe6 f2 43.Rxf2 Nc3+ 44.Kd3 Rxf2 45.Kxc3 Rf7 46.Kc4 b5+ 47.Kc5 bxa4
48.bxa4 Ka7 49.Nd4 Rf4 50.Ne6 Rf7 51.Nd4 Rg7 52.Ne6 Re7 53.Kd5 Kb6 54.Nf8 
Re1 55.Nd7+ Ka6 56.Ne5 Ra1 57.Nd7 Ka7 58.Nc5 Rg1 0-1

[Event "zonal 1.8"]
[Site "Mykolaiv  UKR"]
[Date "1995.03.??"]
[Round "4"]
[White "Guliev, Sarkhan"]
[Black "Brodsky, Mikhail"]
[Result "1/2-1/2"]
[WhiteElo "2470"]
[BlackElo "2535"]
[EventDate "1995.03.17"]
[PlyCount "57"]

1.d4 Nf6 2.c4 e6 3.Nc3 Bb4 4.e3 O-O 5.Ne2 Re8 6.a3 Bf8 7.d5 exd5 8.cxd5 c5
9.Ng3 d6 10.Be2 a6 11.a4 Nbd7 12.O-O g6 13.f4 h5 14.Bf3 Bg7 15.e4 h4 16.
Nge2 c4 17.Be3 Qa5 18.Bd4 Nh7 19.Bxg7 Kxg7 20.Qd4+ Nhf6 21.Qxc4 Qc5+ 22.
Qd4 Qxd4+ 23.Nxd4 Nc5 24.g3 hxg3 25.hxg3 Ncxe4 26.Nxe4 Nxe4 27.Rfe1 Nf6 
28.Rxe8 Nxe8 29.Rc1 1/2-1/2

[Event "zonal 1.8"]
[Site "Mykolaiv  UKR"]
[Date "1995.03.??"]
[Round "4"]
[White "Rogozenko, Dorian"]
[Black "Kruppa, Yury"]
[Result "1/2-1/2"]
[WhiteElo "2440"]
[BlackElo "2555"]
[EventDate "1995.03.17"]
[PlyCount "48"]

1.d4 d5 2.c4 e6 3.Nc3 Be7 4.Nf3 Nf6 5.Bg5 h6 6.Bxf6 Bxf6 7.e3 O-O 8.Rc1 c6
9.Bd3 Nd7 10.cxd5 exd5 11.O-O Be7 12.Bc2 Bd6 13.Qd3 g6 14.g3 Nf6 15.Nh4 
Qd7 16.f4 Qh3 17.Rce1 Bg4 18.e4 dxe4 19.Nxe4 Nxe4 20.Qxe4 Bf5 21.Nxf5 Qxf5
22.Qxf5 gxf5 23.Bxf5 Rfd8 24.Rd1 Bc7 1/2-1/2

[Event "zonal 1.8"]
[Site "Mykolaiv  UKR"]
[Date "1995.03.??"]
[Round "4"]
[White "Itkis, Boris"]
[Black "Stripunsky, Alexander"]
[Result "0-1"]
[WhiteElo "2410"]
[BlackElo "2495"]
[EventDate "1995.03.17"]
[PlyCount "80"]

1.g3 d5 2.Bg2 c6 3.Nf3 Bg4 4.O-O Nd7 5.d3 e6 6.b3 Bd6 7.Bb2 Ngf6 8.Nbd2 
O-O 9.c4 Qe7 10.a3 a5 11.h3 Bh5 12.cxd5 exd5 13.Nd4 Bg6 14.N2f3 Nh5 15.Qd2
f5 16.e3 h6 17.Nh4 Bh7 18.Qe2 Bxg3 19.Nhxf5 Bxf5 20.Qxh5 Bxd3 21.fxg3 Bxf1
22.Rxf1 Qxe3+ 23.Kh1 Rxf1+ 24.Bxf1 Rf8 25.Qd1 Nc5 26.Bc1 Rxf1+ 27.Qxf1 
Qxd4 28.Qf3 Qe4 29.Qxe4 Nxe4 30.Kg2 Kf7 31.Kf3 Ke6 32.Bb2 g6 33.Bc1 h5 34.
b4 a4 35.g4 hxg4+ 36.hxg4 b6 37.Ke3 c5 38.bxc5 bxc5 39.Bb2 Nd6 40.Kf4 d4 
0-1

[Event "zonal 1.8"]
[Site "Mykolaiv  UKR"]
[Date "1995.03.??"]
[Round "4"]
[White "Rakhmangulov, Andrei"]
[Black "Borovikov, Vladislav"]
[Result "1/2-1/2"]
[WhiteElo "2360"]
[BlackElo "2485"]
[EventDate "1995.03.17"]
[PlyCount "86"]

1.d4 d5 2.c4 e6 3.Nf3 c6 4.e3 f5 5.Be2 Nf6 6.O-O Bd6 7.b3 Qe7 8.Bb2 O-O 9.
Qc1 Bd7 10.Ba3 Be8 11.Bxd6 Qxd6 12.Qa3 Qxa3 13.Nxa3 Bh5 14.Bd1 Bxf3 15.
Bxf3 a5 16.Nb1 Nbd7 17.Nc3 g5 18.g3 Kf7 19.a3 Ke7 20.Bg2 h5 21.f3 h4 22.e4
hxg3 23.hxg3 fxe4 24.fxe4 dxc4 25.bxc4 e5 26.d5 Nh5 27.Bh3 Nc5 28.Kg2 Nf6 
29.Bf5 Ne8 30.Rh1 Nd6 31.Rh7+ Rf7 32.Rxf7+ Nxf7 33.Rh1 Rh8 34.Rxh8 Nxh8 
35.Bg4 Nf7 36.Be2 Nd6 37.Kf3 Kf6 38.Ke3 Ne8 39.Bh5 Nd6 40.Be2 Kg6 41.Bf1 
Ne8 42.Be2 Nf6 43.Bd1 cxd5 1/2-1/2

[Event "zonal 1.8"]
[Site "Mykolaiv  UKR"]
[Date "1995.03.??"]
[Round "4"]
[White "Muchnik, Larisa"]
[Black "Vartapetian, Armen"]
[Result "1/2-1/2"]
[WhiteElo "2250"]
[BlackElo "2375"]
[EventDate "1995.03.17"]
[PlyCount "149"]

1.d4 e6 2.e4 d5 3.exd5 exd5 4.Qe2+ Ne7 5.Nc3 Nc6 6.Be3 g6 7.O-O-O Bg7 8.f3
h5 9.Kb1 Be6 10.Qf2 Nf5 11.Bb5 Qd6 12.Nge2 a6 13.Bf4 Qd7 14.Bxc6 Qxc6 15.
g4 Nd6 16.h3 O-O-O 17.Bxd6 Qxd6 18.Nc1 hxg4 19.hxg4 Qf4 20.N3e2 Qf6 21.Nd3
b6 22.c3 Kb7 23.Ne5 Rc8 24.Rdg1 c5 25.Nd3 Qe7 26.Rxh8 Bxh8 27.f4 Bd7 28.
Qf3 Bb5 29.Nec1 cxd4 30.cxd4 Qe4 31.Qxe4 dxe4 32.Ne5 Be8 33.g5 Bxe5 34.
fxe5 Rd8 35.Rd1 Bd7 36.Kc2 Bg4 37.Re1 Rxd4 38.Kc3 Rd5 39.Rxe4 Bf5 40.Re1 
Rc5+ 41.Kd4 Rc2 42.b3 Rg2 43.Ne2 Rxg5 44.Nc3 Rg4+ 45.Ke3 Rg3+ 46.Kd4 Rd3+ 
47.Kc4 b5+ 48.Nxb5 axb5+ 49.Kxb5 Rd2 50.a4 Be6 51.Re3 Rb2 52.b4 Rc2 53.Ka5
g5 54.b5 g4 55.Kb4 Rc4+ 56.Ka5 Rf4 57.Rd3 Rf3 58.Rd8 g3 59.Rg8 Bh3 60.Rg7 
Be6 61.Rg5 Rb3 62.Rg8 Bd5 63.Rg7 Rc3 64.Kb4 Rc4+ 65.Ka5 g2 66.e6 Rc7 67.b6
Rc5+ 68.Kb4 Rc4+ 69.Kb5 Bxe6 70.Rxg2 Rg4 71.Rxg4 Bxg4 72.a5 Bd7+ 73.Kc5 
Ka6 74.Kd6 Bc8 75.Ke5 1/2-1/2

[Event "zonal 1.8"]
[Site "Mykolaiv  UKR"]
[Date "1995.03.??"]
[Round "5"]
[White "Romanishin, Oleg"]
[Black "Guliev, Sarkhan"]
[Result "1-0"]
[WhiteElo "2595"]
[BlackElo "2470"]
[EventDate "1995.03.17"]
[PlyCount "59"]

1.d4 d5 2.c4 c6 3.Nf3 e6 4.Qc2 f5 5.Bf4 Nf6 6.e3 Be7 7.Bd3 O-O 8.O-O Nh5 
9.Be5 Nd7 10.Nbd2 Nxe5 11.dxe5 g6 12.Rfd1 Bd7 13.Be2 Ng7 14.Ne1 Qb6 15.Nd3
Rad8 16.c5 Qc7 17.b4 g5 18.f4 Be8 19.Nb3 Bh5 20.Bxh5 Nxh5 21.Nd4 Kf7 22.
Rab1 gxf4 23.Qe2 f3 24.Qxf3 Ng7 25.g4 Kg8 26.gxf5 exf5 27.Kh1 Bg5 28.Rg1 
Qe7 29.Rg2 f4 30.exf4 1-0

[Event "zonal 1.8"]
[Site "Mykolaiv  UKR"]
[Date "1995.03.??"]
[Round "5"]
[White "Fedorov, Alexei"]
[Black "Frolov, Artur"]
[Result "1-0"]
[WhiteElo "2495"]
[BlackElo "2545"]
[EventDate "1995.03.17"]
[PlyCount "79"]

1.e4 c5 2.Nf3 e6 3.d3 d6 4.g3 b5 5.Bg2 Bb7 6.O-O Be7 7.Nc3 b4 8.Ne2 Nf6 9.
Ne1 Nc6 10.f4 O-O 11.h3 e5 12.Nf3 Qc7 13.g4 exf4 14.Bxf4 Rfe8 15.Ng3 g6 
16.Qd2 Bf8 17.Rf2 Nd7 18.Bh6 Nce5 19.Raf1 Nxf3+ 20.Rxf3 Ne5 21.R3f2 Rad8 
22.Bxf8 Rxf8 23.Qg5 Rde8 24.Nh5 Re6 25.Nf6+ Kg7 26.Qf4 h6 27.g5 hxg5 28.
Qxg5 Rh8 29.h4 Re7 30.Bh3 Qd8 31.h5 Rh6 32.Rg2 Qh8 33.Ng4 Rxh5 34.Qxe7 
Rxh3 35.Nxe5 Rh1+ 36.Kf2 Rxf1+ 37.Kxf1 Qh1+ 38.Kf2 dxe5 39.Qxe5+ Kg8 40.
Rh2 1-0